| 000 | 00403nam a22001577a 4500 | ||
|---|---|---|---|
| 003 | NUST - PNEC | ||
| 005 | 20170116181100.0 | ||
| 008 | 151002b xxu||||| |||| 00| 0 eng d | ||
| 040 | _cLIBRARY | ||
| 082 | _a891.439 AZA | ||
| 100 |
_912296 _aAzad, Abul kalam |
||
| 245 |
_aIntekhwaab e Hilal _cAzad, Abul kalam |
||
| 260 | _c1979 | ||
| 650 |
_912293 _aUrdu literature _xGeneral books |
||
| 942 |
_2ddc _cBK |
||
| 999 |
_c68709 _d68709 |
||